WWE Finisher '18 (Part 1) - Statistics

General Stats
  • This quiz has been taken 201 times
  • The average score is 24 of 34
Answer Stats
Finisher Superstar/Tag Team % Correct
RKO Randy Orton
99%
Zig Zag Dolph Ziggler
96%
Attitude Adjustment John Cena
95%
Yes-Lock Daniel Bryan
93%
Dirty Deeds Dean Ambrose
89%
Curb Stomp/Kingslayer Seth Rollins
89%
Big Ending Big E
88%
Spear Roman Reigns/Bobby Lashley/Kairi Sane/Rhyno
88%
Skull Crushing Finale The Miz
88%
Pop-Up Powerbomb Kevin Owens
87%
Brogue Kick Sheamus
85%
Claymore Drew McIntyre
83%
Rough Ryder Zack Ryder
83%
Trouble in Paradise Kofi Kingston
82%
Helluva Kick Sami Zayn
79%
Bank Statement Sasha Banks
79%
End of Days Baron Corbin
76%
Coup de Grâce Finn Bâlor
76%
Swanton Bomb Jeff Hardy
75%
Neutralizer Cesaro
70%
The Accolade Rusev
60%
Black Mass Aleister Black
59%
Discus Lariat Harper
57%
Eclipse Ember Moon
56%
630° Senton Ricochet
54%
Midnight Hour The New Day
54%
Tye Breaker Tye Dillinger
54%
Lumbar Check Cedric Alexander
50%
Drift Away Elias
49%
Shatter Machine The Revival
45%
GU-Lock Drew Gulak
39%
Paydirt Shelton Benjamin
39%
Freak Accident Lars Sullivan
36%
Wheelbarrow Neckbreaker Eric Young
28%
No matching quizzes found
Score Distribution
Percent of People with Each Score
Percentile by Number Answered
Your Score History
You have not taken this quiz